Combien de ville du Var (83) connais-tu ? - Statistiques

Statistiques générales
  • Ce quiz a été pris 79 fois
  • Le résultat moyen est 41 sur 153
Statistiques - réponses
Code postal Ville % Correct
83000 Toulon
81%
83600 Fréjus
79%
83700 Saint-Raphaël
76%
83130 La Garde
66%
83500 La Seyne-sur-Mer
64%
83990 Saint-Tropez
64%
83110 Sanary-sur-Mer
64%
83170 Sainte-Maxime
62%
83300 Draguignan
60%
83412 Hyères
60%
83150 Bandol
57%
83270 Saint-Cyr-sur-Mer
57%
83260 La Crau
52%
83160 La Valette-du-Var
52%
83980 Le Lavandou
50%
83490 Le Muy
50%
83140 Six-Fours-les-Plages
50%
83550 Vidauban
50%
83220 Le Pradet
48%
83192 Ollioules
48%
83470 Saint-Maximin-la-Sainte-Baume
48%
83340 Le Luc
47%
83460 Les Arcs
47%
83480 Puget-sur-Argens
47%
83170 Brignoles
45%
83390 Cuers
45%
83520 Roquebrune-sur-Argens
45%
83210 Solliès-Pont
45%
83310 Cogolin
43%
83230 Bormes-les-Mimosas
41%
83630 Aups
40%
83320 Carqueiranne
40%
83240 Cavalaire-sur-Mer
40%
83440 Fayence
40%
83310 Grimaud
38%
83250 La Londe-les-Maures
38%
83670 Barjols
36%
83510 Lorgues
36%
83143 Le Val
34%
83350 Ramatuelle
34%
83210 Solliès-Ville
34%
83740 Le Castellet
33%
83690 Salernes
33%
83780 Flayosc
31%
83340 Le Cannet-des-Maures
31%
83390 Puget-Ville
31%
83210 Solliès-Toucas
31%
83720 Trans-en-Provence
31%
83830 Bargemon
29%
83830 Callas
29%
83420 La Croix-Valmer
29%
83310 La Môle
29%
83840 Bargème
28%
83330 Le Beausset
28%
83560 Vinon-sur-Verdon
28%
83111 Ampus
26%
83300 Châteaudouble
26%
83830 Figanières
26%
83210 La Farlède
26%
83200 Le Revest-les-Eaux
26%
83600 Les Adrets-de-l'Estérel
26%
83560 Saint-Julien
26%
83430 Saint-Mandrier-sur-Mer
26%
83440 Seillans
26%
83690 Tourtour
26%
83600 Bagnols-en-Forêt
24%
83660 Carnoules
24%
83440 Montauroux
24%
83440 Saint-Paul-en-Forêt
24%
83640 Saint-Zacharie
24%
83870 Signes
24%
83690 Sillans-la-Cascade
24%
83690 Villecroze
24%
83149 Bras
22%
83610 Collobrières
22%
83136 Garéoult
22%
83580 Gassin
22%
83740 La Cadière-d'Azur
22%
83680 La Garde-Freinet
22%
83560 La Verdière
22%
83390 Pierrefeu-du-Var
22%
83560 Rians
22%
83170 Tourves
22%
83630 Aiguines
21%
83670 Fox-Amphoux
21%
83590 Gonfaron
21%
83840 La Bastide
21%
83120 Le Plan-de-la-Tour
21%
83630 Les Salles-sur-Verdon
21%
83440 Mons
21%
83670 Montmeyan
21%
83790 Pignans
21%
83210 Belgentier
19%
83890 Besse-sur-Issole
19%
83840 Châteauvieux
19%
83570 Cotignac
19%
83560 Ginasservis
19%
83920 La Motte
19%
83119 Brue-Auriac
17%
83340 Cabasse
17%
83440 Callian
17%
83670 Châteauvert
17%
83340 Flassans-sur-Issole
17%
83136 Forcalqueiret
17%
83840 La Roque-Esclapon
17%
83340 Le Thoronet
17%
83131 Montferrat
17%
83860 Nans-les-Pins
17%
83136 Néoules
17%
83440 Tanneron
17%
83460 Taradeau
17%
83330 Évenos
16%
83630 Régusse
16%
13780 Riboux
16%
83670 Tavernes
16%
83670 Varages
16%
83630 Vérignon
16%
83560 Artigues
14%
83840 Brenon
14%
83570 Carcès
14%
83840 Comps-sur-Artuby
14%
83570 Entrecasteaux
14%
83470 Ollières
14%
83910 Pourrières
14%
83820 Rayol-Canadel-sur-Mer
14%
83170 Vins-sur-Caramy
14%
83630 Artignosc-sur-Verdon
12%
83630 Bauduen
12%
83170 Camps-la-Source
12%
83840 La Martre
12%
83136 La Roquebrussanne
12%
83840 Le Bourguet
12%
83340 Les Mayons
12%
83136 Méounes-lès-Montrieux
12%
83136 Rocbaron
12%
83136 Sainte-Anastasie-sur-Issole
12%
83840 Trigance
12%
83630 Moissac-Bellevue
10%
83470 Seillons-Source-d'Argens
10%
83630 Baudinard-sur-Verdon
9%
83560 Esparron
9%
83170 La Celle
9%
83136 Mazaugues
9%
83640 Plan-d'Aups-Sainte-Baume
9%
83510 Saint-Antonin-du-Var
9%
83830 Claviers
7%
83570 Montfort-sur-Argens
7%
83470 Pourcieux
7%
83570 Correns
5%
83670 Pontevès
5%
83560 Saint-Martin-de-Pallières
5%
83440 Tourrettes
5%
83170 Rougiers
3%
Aucun quiz correspondant
Distribution des résultats
% des personnes avec chaque résultat
Percentile par nombre de réponses
Votre historique - résultats
Vous n’avez pas pris ce quiz